000 00535cam a22002291 4500
001 sa 64003223
003 DLC
005 20260227112015.0
008 890919s1962 ii 000 0 kano
010 _asa 64003223
035 _a(OCoLC)20367363
040 _aDLC
_cWaU
_dDLC
042 _apremarc
050 0 0 _aBJ1588.K3
_bC5
100 0 _aJa. Ca. Ni.,
_d1911-
245 1 0 _aAbhaya vāṇi!
260 _c[1962]
300 _a9, 178 p.
_c15 cm.
500 _aIn Kannada.
650 0 _aConduct of life.
700 1 _aN., J. C.
999 _c57784
_d57784